Conscience of a liberal: selected writings and speeches (Record no. 360930)

000 -LEADER
fixed length control field 00429cam a22001337a 4500
008 - FIXED-LENGTH DATA ELEMENTS--GENERAL INFORMATION
fixed length control field 180718b1962 xxu||||| |||| 00| 0 eng d
082 ## - DEWEY DECIMAL CLASSIFICATION NUMBER
Classification number A99 B681
100 ## - MAIN ENTRY--PERSONAL NAME
Personal name Bowle, Chester
245 ## - TITLE STATEMENT
Title Conscience of a liberal: selected writings and speeches
Statement of responsibility, etc. by Chester Bowls and edited by Henry Steele Commager
260 ## - PUBLICATION, DISTRIBUTION, ETC.
Place of publication, distribution, etc. New York
Name of publisher, distributor, etc. Harper
Date of publication, distribution, etc. 1962
300 ## - PHYSICAL DESCRIPTION
Extent 351p.
650 ## - SUBJECT ADDED ENTRY--TOPICAL TERM
Topical term or geographic name entry element Bowles, Chester, 1901
700 ## - ADDED ENTRY--PERSONAL NAME
Personal name Commager, Henry Steele
Holdings
Withdrawn status Lost status Damaged status Not for loan Permanent Location Current Location Date acquired Full call number Barcode Date last seen Price effective from Koha item type
        Indian Institute of Public Administration Indian Institute of Public Administration 1994-03-01 A99 B681c 35780 2018-07-21 2018-07-21 Book
        Indian Institute of Public Administration Indian Institute of Public Administration 1994-03-01 A99 B681 31845 2018-07-21 2018-07-21 Book

Powered by Koha